Catálogo
 En Linea

Introducción al derecho / (Registro nro. 55961)

Detalles MARC
000 -CABECERA
campo de control de longitud fija 01325nam a2200337 i 4500
003 - IDENTIFICADOR DEL NÚMERO DE CONTROL
campo de control DO-SdBNP
005 - FECHA Y HORA DE LA ÚLTIMA TRANSACCIÓN
campo de control 20260522112608.0
007 - CAMPO FIJO DE DESCRIPCIÓN FÍSICA--INFORMACIÓN GENERAL
campo de control de longitud fija ta
008 - DATOS DE LONGITUD FIJA--INFORMACIÓN GENERAL
campo de control de longitud fija 240216b1995 dr ||||| |||| 00| 0 spa d
020 ## - NÚMERO INTERNACIONAL ESTÁNDAR DEL LIBRO
Número Internacional Estándar del Libro 8460531465
040 ## - FUENTE DE LA CATALOGACIÓN
Centro catalogador/agencia de origen DO-SdBNP
Lengua de catalogación spa
Centro/agencia transcriptor BNPHU
Normas de descripción rda
041 ## - CÓDIGO DE LENGUA
Código de lengua del texto/banda sonora o título independiente spa
082 #4 - NÚMERO DE LA CLASIFICACIÓN DECIMAL DEWEY
Número de clasificación 349.7293
Número de documento/Ítem J82i 1995
Número de edición 22
100 1# - ENTRADA PRINCIPAL--NOMBRE DE PERSONA
Nombre de persona Jorge Blanco, Salvador,
Fechas asociadas al nombre 1926-2010
Término indicativo de función/relación autor
Código de función/relación aut.
9 (RLIN) 30551
245 10 - MENCIÓN DE TÍTULO
Título Introducción al derecho /
Mención de responsabilidad, etc. Salvador Jorge Blanco ; colaboración, Orlando Jorge Mera ; prólogo, Juan Ml. Pellerano Gómez ; edición, Jeannette Canals, Eduardo Julia
264 #4 - PRODUCCIÓN, PUBLICACIÓN, DISTRIBUCIÓN, FABRICACIÓN Y COPYRIGHT
Producción, publicación, distribución, fabricación y copyright Santo Domingo :
Nombre del de productor, editor, distribuidor, fabricante Ediciones Capeldom,
Fecha de producción, publicación, distribución, fabricación o copyright ©1995.
300 ## - DESCRIPCIÓN FÍSICA
Extensión 592 páginas ;
Dimensiones 24 cm.
336 ## - TIPO DE CONTENIDO
Término de tipo de contenido texto
Código de tipo de contenido txt
Fuente rdacontent
337 ## - TIPO DE MEDIO
Nombre/término del tipo de medio sin mediación
Código del tipo de medio n
Fuente rdamedia
338 ## - TIPO DE SOPORTE
Nombre/término del tipo de soporte volumen
Código del tipo de soporte nc
Fuente rdacarrier
500 ## - NOTA GENERAL
Nota general Incluye referencias bibliográficas y notas al pie de las páginas.
500 ## - NOTA GENERAL
Nota general Incluye índice alfabético de materias, nombres y analítico
590 ## - NOTA LOCAL (RLIN)
Nota local Inventariado, 2018/DG
650 #4 - PUNTO DE ACCESO ADICIONAL DE MATERIA--TÉRMINO DE MATERIA
Término de materia o nombre geográfico como elemento de entrada Derecho
Subdivisión geográfica República Dominicana
9 (RLIN) 35307
700 1# - PUNTO DE ACCESO ADICIONAL--NOMBRE DE PERSONA
Nombre de persona Jorge Mera, Orlando,
Término indicativo de función/relación colaborador
Código de función/relación col
9 (RLIN) 84926
700 1# - PUNTO DE ACCESO ADICIONAL--NOMBRE DE PERSONA
Nombre de persona Pellerano Gómez, Juan Ml.,
Término indicativo de función/relación prologuista
Código de función/relación pr.
9 (RLIN) 17189
700 1# - PUNTO DE ACCESO ADICIONAL--NOMBRE DE PERSONA
Nombre de persona Canals, Jeannette,
Término indicativo de función/relación editor
Código de función/relación ed.
9 (RLIN) 10203
700 1# - PUNTO DE ACCESO ADICIONAL--NOMBRE DE PERSONA
Nombre de persona Julia, Eduardo,
Término indicativo de función/relación editor
Código de función/relación ed.
9 (RLIN) 72281
910 ## - DATOS DE OPCIÓN DEL USUARIO (OCLC)
Datos de opción del usuario Btavárez
942 ## - ELEMENTOS DE PUNTO DE ACCESO ADICIONAL (KOHA)
Fuente del sistema de clasificación o colocación Dewey Decimal Classification
Tipo de ítem Koha Libro
Existencias
Estado de retiro Estado de pérdida Fuente del sistema de clasificación o colocación Restricciones de uso No para préstamo Código de colección Localización permanente Ubicación/localización actual Ubicación en estantería Fecha de adquisición Fuente de adquisición Total de préstamos Signatura topográfica completa Código de barras Fecha visto por última vez Precio válido a partir de Tipo de ítem Koha Número de copia
    Dewey Decimal Classification Excluido de préstamo   Patrimonio Dominicano Biblioteca Nacional Pedro Henríquez Ureña Biblioteca Nacional Pedro Henríquez Ureña En catalogación 16.02.2024 Donado por Laura Pujols   BNPHU PD 349.7293 J82i 1995 2024-1122 16.02.2024 16.02.2024 Libro  
    Dewey Decimal Classification Excluido de préstamo   Patrimonio Dominicano Biblioteca Nacional Pedro Henríquez Ureña Biblioteca Nacional Pedro Henríquez Ureña En catalogación 01.10.2025 Donado por Bienvenido Brito   BNPHU PD 349.7293 J82i 1995 2025-10895 01.10.2025 01.10.2025 Libro e.2

Con tecnología Koha